• 首页
  • 本馆介绍
  • 公告通知
  • 最新文献
  • 馆藏检索
  • 电子资源
  • 读者导购
  • 参考咨询
  • 我的图书馆
  • 登录
  • 详细信息显示
  • 放入我的书架
  • 预约/预借图书
  • 作者相关作品
  • 分类相关作品
  • 丛书相关作品
  • 出版社相关作品

书目信息

  • 表格格式
  • 工作单格式
  • 卡片格式
题名:
四书中的常理及故事
    
 
作者: 陈立夫 著
分册:  
出版信息: 北京   中国友谊出版公司  2001
页数: 526页
开本: 20cm
丛书名:
单 册:
中图分类: B222.14 , B222.1
科图分类:
主题词: 儒家 , 封建教材 , 儒家--封建教材--通俗读物 , 先秦哲学
电子资源:
ISBN: 7-5057-1598-4
000 01055nam0 2200313 450
001 1141291031
005 20111004095909.20
010    @a7-5057-1598-4@dCNY30.00
100    @a20010521d2001 em y0chiy0110 ea
101 0  @achi
102    @aCN@b110000
105    @ay z 000yy
106    @ar
200 1  @a四书中的常理及故事@Asi shu zhong de chang li ji gu shi@f陈立夫著
210    @a北京@c中国友谊出版公司@d2001
215    @a526页@d20cm
314    @a陈立夫(1900~2001),浙江湖州人,前半生在国民党中枢25年;后半生致力于弘扬中国传统文化。著有《四书道贯》、《人理学》、《四书中的常理及故事》等。
330    @a本书包括“四书中的常理”27篇、“四书中的故事”45篇,每篇都包括原文、今注、今译三部分,四书精华尽含其中。
605    @a四书@x译文
605    @a四书
606 0  @a儒家
606 0  @a封建教材
606 0  @a儒家@x封建教材@j通俗读物
606 0  @a先秦哲学
690    @aB222.14@v4
690    @aB222.1@v4
701  0 @a陈立夫@f(1900~2001)@Achen li fu@4著
801  0 @aCN@bNLC@c20010523
905    @a10447@dB222.1@eJY69
    
    四书中的常理及故事/陈立夫著 .-北京:中国友谊出版公司,2001
    526页;20cm
    
    
    ISBN 7-5057-1598-4:CNY30.00
    本书包括“四书中的常理”27篇、“四书中的故事”45篇,每篇都包括原文、今注、今译三部分,四书精华尽含其中。
●
相关链接 在E读中查询图书 在五车中查询图书 在当当中查询图书 在豆瓣中查询图书


正题名:四书中的常理及故事     索取号:B222.1/JY69         预约/预借

序号 登录号 条形码 馆藏地/架位号 状态 备注
1 7824487   278244874   学院路分馆/ [索取号:B222.1/JY69] 在馆    
2 7824488   278244883   学院路分馆/ [索取号:B222.1/JY69] 在馆    
3 7824489   278244892   学院路分馆/ [索取号:B222.1/JY69] 在馆    
唐山师范学院图书馆 欢迎您!
大连网信软件有限公司© 版权所有